| 000 | 01525pam a2200373 a 4500 | ||
|---|---|---|---|
| 999 |
_c28826 _d28797 |
||
| 001 | 3015202 | ||
| 003 | EG-ScBUE | ||
| 005 | 20200926103702.0 | ||
| 008 | 940713t1994 gw ab f b 000 0 eng d | ||
| 020 | _a3540583017 (Berlin : acid-free paper) | ||
| 020 | _a0387583017 (New York : acid-free paper) | ||
| 040 |
_aDLC _beng _erda _cDLC _dDLC _dEG-ScBUE |
||
| 043 | _ai-mf--- | ||
| 082 | 0 | 4 |
_a363.9096982 _bPOP _222 |
| 245 | 0 | 0 |
_aPopulation--development--environment : _bunderstanding their interactions in Mauritius / _cWolfgang Lutz, editor ; asssociate editors, Jawaharlaal Baguant [and three others] |
| 264 | 1 |
_aBerlin : _bSpringer-Verlag, _c[1994] |
|
| 264 | 4 | _cc1994 | |
| 300 |
_axiii, 400 pages : _billustrations, maps ; _c24 cm |
||
| 336 |
_2rdacontent _atext _btxt |
||
| 337 |
_2rdamedia _aunmediated _bn |
||
| 338 |
_2rdacarrier _avolume _bnc |
||
| 500 | _a"IIASA, International Institute for Applied Systems Analysis"--Cover. | ||
| 504 | _aIncludes bibliographical references. | ||
| 650 | 7 |
_aPopulation density _zMauritius. _2BUEsh |
|
| 650 | 7 |
_aEnvironmental protection _zMauritius. _2BUEsh |
|
| 651 | 7 |
_aMauritius _xEconomic conditions. _2BUEsh |
|
| 653 |
_bGGEN _cSeptember2020 |
||
| 655 |
_vReading book _934232 |
||
| 700 | 1 |
_aLutz, Wolfgang, _eeditor. |
|
| 710 | 2 | _aInternational Institute for Applied Systems Analysis. | |
| 906 |
_a7 _bcbc _corignew _d1 _eocip _f19 _gy-gencatlg |
||
| 942 |
_2ddc _cBB |
||